000 00635nam a22002297a 4500
003 UA-OsUOA
001 93938
007 ta
008 20130130b un ||||| |||| 00| 0 ukr d
100 _aБушин В.
090 _a821.161.1
_bБ94
942 _cBK
040 _aUA-OsUOA
_brus
_cUA-OsUOA
_dUA-OsUOA
245 _aЭоловы арфы
_bповествование в рассказах
300 _a559 с.
955 _a3
041 _arus
080 _a821.161.1
260 _aМ.
_bМолодая гвардия
_c1986
650 7 _a82 Література. Літературознавство
_2UDC
999 _c380182
_d380182